Formel 1 Teams 2022 - Statistiken

Allgemein
  • Dieses Quiz wurde 838 mal gespielt
  • Das Durchschnittsergebnis liegt bei 9 aus 10
Antwortstatistiken
Antwort % Korrekt
Mercedes-AMG Petronas F1 Team
100%
Oracle Red Bull Racing
99%
Scuderia Ferrari
99%
McLaren F1 Team
96%
Haas F1 Team
94%
Williams Racing
91%
Aston Martin Aramco Cognizant F1 Team
90%
Scuderia AlphaTauri
90%
Alfa Romeo F1 Team ORLEN
89%
BWT Alpine F1 Team
89%
Keine übereinstimmenden Quizze gefunden
Verteilung der Resultate
Anzahl Personen mit jedem Resultat
Perzentil nach korrekt beantworteten Fragen
Ihre Resultats-Entwicklung
Sie haben dieses Quiz noch nicht gespielt